000 00503nam a2200181Ia 4500
005 20250508150713.0
008 008 250505s9999 xx 000 0 eng d
037 _aTextual
040 _aFEDL
_beng
_cFEDL
041 _aeng
_2eng
084 _a509, LAN
_qFEDL
100 _aLansing Marion Florence
_9757422
245 0 _aScience through the ages
260 _aLondon, UK
_bGeorge G Harrap and Co Ltd.
_c1927
300 _a253p.
942 _cTEXL
_h509, LAN
999 _c1325153
_d1325153